Principaux mouvements littéraires - Statistiques

Statistiques générales
  • Ce quiz a été pris 176 fois
  • Le résultat moyen est 11 sur 14
Statistiques - réponses
Indices Réponses % Correct
Mouvement qui apparaît entre le XVIII° et XIV° siècle. Porté par Sand, Chateaubriand ou encore Victor Hugo, d'origine anglaise et qui représente une révolte contre la société. Ses auteurs laissent libre cours à leurs émotions et passions; l'émancipation est le mot communément utilisé pour caractériser cette période. Romantisme
97%
Mouvement du XIX° siècle marqué par Balzac ou encore Flaubert qui cherchaient à montrer la vie réelle et les situations ordinaires auxquelles chaque individu faisait face, sans filtre. Réalisme
93%
Ce mouvement survient lors du règne de Louis XIII ainsi que de Louis XIV et marque lui aussi un retour à l'Antiquité. Molière ou encore Racine s'y sont essayés et ont participé à la prépondérance de la France en Europe. Il se distingue également par sa régularité, son ordre ou encore sa méthode rigoureuse et se manifeste au théâtre par la fameuse règle des 3 unités. Classicisme
89%
Mouvement des XV° et XVI° siècles, porté par des figures telles que Rabelais, Montaigne ou encore Erasme. Il est caractérisé par un fort "retour aux sources antiques", de l'optimisme ainsi qu'une foi dans l'Homme. "L'Utopie" (Thomas More) en est une œuvre marquante. Humanisme
89%
Vaste mouvement culturel européen du XVIII° siècle, il est marqué par Diderot ou encore Montesquieu et s'oppose à la religion ainsi que son influence sur les sociétés. Il se distingue par son focus sur l'éducation et l'avancée de l'espèce humaine. "L'Encyclopédie" (1772) en est une œuvre majeure. Lumières
86%
Mouvement porté par Emile Zola ou Maupassant durant le XIX° siècle. Il s'inspirait de la science et plus particulièrement de la médecine afin de s'approcher le plus possible de la réalité des faits et des situations. Naturalisme
84%
Ce mouvement s'inscrit dans la continuité du précédent et représente un mouvement de révolte, créatif mais surtout positif. Le langage et les opinions se libèrent, laissant place à de nombreuses œuvres utopiques et à la montée en puissance d'opinions à l'époque marginales telles que le communisme. Surréalisme
80%
Mouvement représenté par un cercle de poètes français du XVI° siècle. Rémy Belleau, Joachim du Bellay ou encore Etienne Jodelle en faisaient partie. L'objectif principal de ce cercle est d'amplifier la langue française et de la rendre prestigieuse, notamment à travers l'utilisation de sonnets. Pléiade
79%
Terme également lié à une vague artistique, il caractérise un mouvement de la fin du XVI° et du début du XVII° siècle. Cyrano de Bergerac ou encore William Shakespeare s'y sont essayés. Leur but était de refléter le bouleversement du monde de l'époque ainsi que la vanité ambiante. La Théorie héliocentrique représente un point d'ancrage pour ce mouvement. Baroque
77%
Ce mouvement des années 50 à 60 aspire à déconstruire les codes du roman traditionnel. Contrairement à la plupart des courants, les temps se mêlent au sein d'un même récit et les personnages n'occupent qu'un rôle secondaire. Il compte notamment dans ses rangs Claude Simon et Michel Butor. Nouveau roman
70%
Ce mouvement littéraire et pictural de la fin du XIX° et du début du XX° siècle se distingue par ses nombreux mystères et l'envie de transmettre une vision des choses différente et mystérieuse au monde. "Les Fleurs du mal" (1857) en est l'œuvre principale. Selon ses écrivains, le monde cacherait une seconde réalité. Symbolisme
70%
Ce mouvement souvent aussi associé au théâtre survient à la suite de la Seconde Guerre mondiale. La vanité en est la principale caractéristique et de nombreuses nouvelles questions émergent telles que le suicide ou encore l'ennui, la répétition et la condition tragique à laquelle doit faire face l'Homme. Ce courant est enfin marqué par un manque de sens dans de nombreuses œuvres. Absurde
62%
Egalement un cercle de poètes, mais cette fois du XIX° siècle. Théophile Gautier ou encore Leconte de Lisle l'ont représenté en amenant le lyrisme au devant de la scène. C'est enfin une poésie qui se veut neutre et qui tire son nom d'un mont bien connu de la mythologie grecque. Parnasse
57%
Ce mouvement, artistique au sens plus large, se manifeste pour la première fois en 1916 à Zurich. Tristan Tzara en est le principal auteur et tente avec ses collègues d'exposer un monde ironique et plein de dérision, à contre-courant avec les évènements de l'époque. Le nom de ce mouvement n'évoquerait rien d'autre que la naïveté et une chose enfantine. Dadaïsme
21%
Aucun quiz correspondant
Distribution des résultats
% des personnes avec chaque résultat
Percentile par nombre de réponses
Votre historique - résultats
Vous n’avez pas pris ce quiz